[Event "1st League CS 2011"]
[Site "Kraljevo"]
[Date "2011.09.19"]
[Round "4.2"]
[White "Rabrenovic, Vladan"]
[Black "Ratkovic, Milovan"]
[Result "1-0"]
[WhiteElo "2378"]
[BlackElo "2177"]
[PlyCount "113"]
[EventDate "2011.09.17"]

1. d4 d5 2. c4 c6 3. Nf3 Nf6 4. Nc3 e6 5. g3 dxc4 6. Ne5 b5 7. Bg2 Nd5 8. a4 b4
9. Ne4 Be7 10. Nxc4 a5 11. Qc2 O-O 12. O-O Ba6 13. b3 Nd7 14. Bb2 Rc8 15. Rfd1
Qc7 16. Ned2 c5 17. e4 Nc3 18. Bxc3 bxc3 19. Qxc3 cxd4 20. Qxa5 Qxa5 21. Nxa5
Ne5 22. Bf1 Bxf1 23. Kxf1 Rc3 24. Ra2 f5 25. exf5 Rxf5 26. Nac4 Ng4 27. Ne4
Rxb3 28. Rxd4 Rb4 29. Ned2 h5 30. f3 Bc5 31. Rd8+ Kh7 32. Ke2 Ne5 33. Nxe5
Rxe5+ 34. Ne4 Bb6 35. Ra8 Rb3 36. a5 Re3+ 37. Kd1 Rd5+ 38. Nd2 Bc5 39. a6 Kg6
40. Rc8 Red3 41. Rxc5 Rxd2+ 42. Rxd2 Rxc5 43. Ra2 Rc8 44. a7 Ra8 45. Kd2 Kf6
46. Kd3 Ke7 47. Kd4 Kd7 48. h4 Kd8 49. Ke5 Ke7 50. Ra4 g6 51. f4 g5 52. hxg5 h4
53. gxh4 Kf7 54. h5 Ke7 55. h6 Kf7 56. Kd6 e5 57. fxe5 1-0

[Event "1st League CS 2011"]
[Site "Kraljevo"]
[Date "2011.09.19"]
[Round "4.2"]
[White "Civric, Zdravko"]
[Black "Kojovic, Dragan"]
[Result "1/2-1/2"]
[WhiteElo "2203"]
[BlackElo "2367"]
[PlyCount "69"]
[EventDate "2011.09.17"]

1. e4 c5 2. Nf3 d6 3. d4 cxd4 4. Nxd4 Nf6 5. Nc3 a6 6. Be2 e5 7. Nb3 Be7 8. O-O
Be6 9. Bf3 Nbd7 10. Re1 Rc8 11. Bg5 h6 12. Bxf6 Nxf6 13. Nd2 O-O 14. Nf1 b5 15.
a3 Rc5 16. Ne3 Qc8 17. Re2 a5 18. Rd2 b4 19. Na4 Rc6 20. c4 bxc3 21. Nxc3 Qb8
22. Qa4 Rc5 23. Ncd5 Bxd5 24. exd5 Rfc8 25. b4 axb4 26. axb4 Rc1+ 27. Rd1 Rxd1+
28. Rxd1 g6 29. h3 h5 30. Rb1 Bd8 31. Qa6 Qc7 32. Qd3 Qe7 33. Qa6 Qc7 34. Qd3
Qe7 35. Qa6 1/2-1/2

[Event "1st League CS 2011"]
[Site "Kraljevo"]
[Date "2011.09.19"]
[Round "4.2"]
[White "Govedarica, Radovan"]
[Black "Ratkovic, Miloje"]
[Result "1-0"]
[WhiteElo "2389"]
[BlackElo "2135"]
[PlyCount "101"]
[EventDate "2011.09.17"]

1. d4 d5 2. c4 c6 3. Nc3 Nf6 4. Nf3 e6 5. Bg5 dxc4 6. e4 b5 7. e5 h6 8. Bh4 g5
9. Nxg5 hxg5 10. Bxg5 Nbd7 11. exf6 Bb7 12. Be2 Bh6 13. Bxh6 Rxh6 14. Bf3 Qc7
15. g3 O-O-O 16. Qe2 Nxf6 17. O-O-O Qa5 18. Kb1 Nd5 19. Ne4 Rhh8 20. h4 Nb4 21.
a3 Nd3 22. Nc5 Nxc5 23. dxc5 b4 24. Qxc4 bxa3 25. Qc3 Qxc3 26. bxc3 Kc7 27.
Rxd8 Rxd8 28. Rd1 Rb8 29. Ka2 Ba6 30. Kxa3 Bc4 31. Rd6 Rb3+ 32. Ka4 Rxc3 33.
Rxc6+ Kb7 34. Bg2 Bf1 35. Bh1 Kb8 36. Kb4 Rc2 37. Rd6 Rc4+ 38. Kb3 Rxc5 39. Rd7
Rc7 40. Rd2 Bb5 41. Kb4 a6 42. Ka5 Kc8 43. h5 Rc1 44. Be4 f5 45. Rc2+ Rxc2 46.
Bxc2 Be8 47. g4 Kc7 48. Ba4 Bf7 49. h6 Bg8 50. g5 Bh7 51. Be8 1-0

[Event "1st League CS 2011"]
[Site "Kraljevo"]
[Date "2011.09.19"]
[Round "4.3"]
[White "Blesic, Vaso"]
[Black "Radulski, Julian"]
[Result "0-1"]
[WhiteElo "2397"]
[BlackElo "2572"]
[PlyCount "126"]
[EventDate "2011.09.17"]

1. e4 e5 2. Bc4 Nf6 3. d3 Nc6 4. Nc3 Na5 5. Qf3 Nxc4 6. dxc4 d6 7. Nge2 Be6 8.
b3 Be7 9. O-O c6 10. a4 O-O 11. Ba3 Qc7 12. Ng3 Rad8 13. Nf5 Bxf5 14. Qxf5 g6
15. Qf3 Nh5 16. Qe3 a6 17. Rad1 Nf4 18. g3 Ne6 19. f4 Nd4 20. Rd2 f5 21. Bb2 d5
22. Ne2 Nxe2+ 23. Rxe2 dxe4 24. Bxe5 Qa5 25. Kh1 Bc5 26. Bc3 Qb6 27. Qc1 Bd4
28. Be1 c5 29. h3 Qc6 30. Kh2 b5 31. cxb5 axb5 32. c3 Bg7 33. axb5 Qxb5 34. Qc2
Rd3 35. Rg2 Rxg3 36. Bxg3 Qxf1 37. Qd2 Qd3 38. Qxd3 exd3 39. Be1 Re8 40. Bd2
Kf7 41. Kg1 Rb8 42. Rg3 Rxb3 43. Rxd3 Ke6 44. Kf2 Bf6 45. Ke2 c4 46. Re3+ Kd5
47. Kd1 Rb1+ 48. Bc1 Rb7 49. Bd2 Re7 50. Rf3 Bh4 51. Rf1 Re6 52. Rf3 h6 53. Rf1
Ke4 54. Ke2 g5 55. Bc1 Rd6 56. fxg5 hxg5 57. Bd2 Rd3 58. Rb1 Rxh3 59. Rb8 Rh2+
60. Kd1 f4 61. Rc8 Rh1+ 62. Kc2 f3 63. Rxc4+ Kf5 0-1

[Event "1st League CS 2011"]
[Site "Kraljevo"]
[Date "2011.09.19"]
[Round "4.3"]
[White "Jovanovic, Nenad R"]
[Black "Marinkovic, Ivan"]
[Result "0-1"]
[WhiteElo "2338"]
[BlackElo "2425"]
[PlyCount "112"]
[EventDate "2011.09.17"]

1. Nf3 Nf6 2. b3 g6 3. Bb2 Bg7 4. g3 b6 5. Bg2 Bb7 6. c4 c5 7. O-O O-O 8. d4
cxd4 9. Qxd4 d6 10. Qd2 Ne4 11. Qc2 Bxb2 12. Qxb2 Qc7 13. Nbd2 Nf6 14. Rac1
Nbd7 15. Rfd1 Rac8 16. Nf1 Qb8 17. Ne3 Qa8 18. Qd4 Rc5 19. b4 Rc7 20. Qh4 a5
21. a3 axb4 22. axb4 Qa3 23. Rb1 Be4 24. Nd5 Bxb1 25. Nxc7 Bc2 26. Rd4 Qxb4 27.
Bh3 Ne5 28. Ng5 h5 29. Qf4 Qe1+ 30. Bf1 Bf5 31. Kg2 Rc8 32. Nb5 Ra8 33. Qd2
Qxd2 34. Rxd2 Nxc4 35. Rd1 Ne5 36. Nd4 Bd7 37. Rb1 Rb8 38. e4 Nc6 39. Nb5 Na5
40. Nd4 Kf8 41. Bd3 Nc6 42. Nb5 Ne5 43. Be2 Bc6 44. f3 Bxb5 45. Bxb5 Rc8 46.
Rb2 e6 47. f4 Ned7 48. Nf3 Ke7 49. Bd3 Nc5 50. e5 dxe5 51. fxe5 Nxd3 52. exf6+
Kxf6 53. Rxb6 Rc2+ 54. Kg1 Rc1+ 55. Kg2 Ne1+ 56. Nxe1 Rxe1 0-1

[Event "1st League CS 2011"]
[Site "Kraljevo"]
[Date "2011.09.19"]
[Round "4.3"]
[White "Lukic, Dragan M"]
[Black "Arsovic, Goran"]
[Result "0-1"]
[WhiteElo "2307"]
[BlackElo "2409"]
[PlyCount "82"]
[EventDate "2011.09.17"]

1. e4 c5 2. Nf3 d6 3. d4 cxd4 4. Nxd4 Nf6 5. Nc3 a6 6. Bg5 Nbd7 7. f3 e6 8. Qd2
Qc7 9. g4 b5 10. h4 Bb7 11. a3 h6 12. Be3 d5 13. exd5 Nxd5 14. Nxd5 Bxd5 15.
O-O-O Ne5 16. Be2 Nc4 17. Qc3 Rc8 18. Bxc4 Qxc4 19. Qxc4 Rxc4 20. Rhe1 h5 21.
g5 b4 22. Rd3 bxa3 23. bxa3 Kd7 24. f4 Be4 25. Rb3 Bd6 26. Rd1 Rhc8 27. Rd2 Ke7
28. Kb2 Bc5 29. c3 g6 30. Rd1 Bd6 31. Rb6 Rb8 32. Rxb8 Bxb8 33. Nb3 Bd5 34. Rd4
Rxd4 35. cxd4 f6 36. Nc5 fxg5 37. fxg5 Bg3 38. Nxa6 Bxh4 39. Bf4 Bf2 40. Kc3 h4
41. Kd3 Bg1 0-1

[Event "1st League CS 2011"]
[Site "Kraljevo"]
[Date "2011.09.19"]
[Round "4.3"]
[White "Simonovic, Aleksandar"]
[Black "Ristovic, Radovan"]
[Result "1/2-1/2"]
[WhiteElo "2401"]
[BlackElo "2107"]
[PlyCount "65"]
[EventDate "2011.09.17"]

1. e4 e5 2. Nf3 Nc6 3. d4 exd4 4. Bc4 Nf6 5. O-O Nxe4 6. Re1 d5 7. Bxd5 Qxd5 8.
Nc3 Qa5 9. Nxe4 Be6 10. Bd2 Qd5 11. Bg5 h6 12. Bf6 Rg8 13. Qd2 Be7 14. Bxe7
Kxe7 15. Rad1 Rad8 16. c3 d3 17. Qe3 b6 18. Qf4 Kd7 19. b3 Kc8 20. Ned2 Qf5 21.
Qxf5 Bxf5 22. Ne5 Nxe5 23. Rxe5 Bg6 24. Rde1 f6 25. Re7 Rd7 26. f3 c5 27. Kf2
Rgd8 28. Rxd7 Rxd7 29. c4 Kd8 30. h3 Re7 31. Rxe7 Kxe7 32. Ke3 Kd6 33. f4
1/2-1/2

[Event "1st League CS 2011"]
[Site "Kraljevo"]
[Date "2011.09.19"]
[Round "4.4"]
[White "Stojanovski, Dejan"]
[Black "Mista, Aleksander"]
[Result "0-1"]
[WhiteElo "2427"]
[BlackElo "2561"]
[PlyCount "84"]
[EventDate "2011.09.17"]

1. d4 d5 2. Bf4 Nf6 3. e3 g6 4. h3 Bg7 5. Nf3 O-O 6. Be2 c5 7. c3 Qb6 8. Qb3
Nc6 9. Nbd2 c4 10. Qc2 Bf5 11. Qc1 Nd7 12. O-O f6 13. Bg3 e5 14. dxe5 fxe5 15.
e4 dxe4 16. Nxc4 Qd8 17. Nfd2 Nc5 18. Nb3 Nd3 19. Qe3 Qd5 20. Ncd2 Rad8 21. c4
Qf7 22. Nxe4 Nxb2 23. c5 Nd4 24. Nd6 Qd5 25. Nxf5 Nxf5 26. Qg5 e4 27. Rab1 Nd3
28. Bxd3 exd3 29. Rbd1 Nd4 30. Qxd5+ Rxd5 31. Bd6 Rf7 32. Kh2 Nxb3 33. axb3 d2
34. f4 b6 35. Rf2 Bc3 36. Rf3 Bb4 37. Kg1 bxc5 38. Be5 Rfd7 39. Bc3 Rd3 40.
Rxd3 Rxd3 41. Bxb4 cxb4 42. Kf2 a5 0-1

[Event "1st League CS 2011"]
[Site "Kraljevo"]
[Date "2011.09.19"]
[Round "4.4"]
[White "Djokic, Vladan"]
[Black "Todorovic, Jovan"]
[Result "0-1"]
[WhiteElo "2299"]
[BlackElo "2420"]
[PlyCount "142"]
[EventDate "2011.09.17"]

1. c4 e5 2. Nc3 Bb4 3. g3 Bxc3 4. bxc3 Ne7 5. Bg2 O-O 6. Rb1 Nbc6 7. c5 b6 8.
Nf3 d6 9. cxd6 cxd6 10. O-O Bf5 11. d3 Qd7 12. Re1 Bh3 13. Bh1 h6 14. d4 Rac8
15. Ba3 Rfd8 16. e3 Bg4 17. Qd3 e4 18. Qxe4 Bf5 19. Qh4 Ng6 20. Qh5 d5 21. h3
Bxh3 22. Nd2 Bg4 23. Qh2 Na5 24. Bb2 Nc4 25. Nxc4 Rxc4 26. e4 dxe4 27. Bxe4 Bf5
28. Qg2 Ne7 29. f3 Nd5 30. Rbc1 Rdc8 31. Bxd5 Qxd5 32. Re5 Qd7 33. Rce1 Be6 34.
d5 Bf5 35. Qd2 Bg6 36. d6 Rd8 37. Ba3 Kh7 38. Re7 Qc6 39. R1e3 Ra4 40. c4 Rxc4
41. Rxa7 Rc2 42. Qd4 Qb5 43. Qb4 Qh5 44. Qh4 Qd5 45. Bb4 Rxd6 46. Be1 Qd1 47.
g4 Rdd2 48. Qg3 Re2 49. Rae7 Qd4 50. f4 Rxa2 51. f5 Rxe1+ 52. Qxe1 Qxg4+ 53.
Qg3 Qxf5 54. Re1 Qc5+ 55. R7e3 Be4 56. Kf1 f5 57. R1e2 Qc4 58. Kf2 Rxe2+ 59.
Rxe2 b5 60. Rd2 b4 61. Qb8 b3 62. Rd8 Qc2+ 63. Ke3 Qc3+ 64. Kf2 b2 65. Rh8+ Kg6
66. Qe8+ Kg5 67. Qd8+ Qf6 68. Qd2+ f4 69. Qa5+ Kg4 70. Qd2 Qb6+ 71. Ke2 f3+ 0-1

[Event "1st League CS 2011"]
[Site "Kraljevo"]
[Date "2011.09.19"]
[Round "4.4"]
[White "Mijailovic, Zoran"]
[Black "Djukic, Stevan"]
[Result "1/2-1/2"]
[WhiteElo "2414"]
[BlackElo "2226"]
[PlyCount "61"]
[EventDate "2011.09.17"]

1. Nf3 d5 2. d4 Bf5 3. c4 e6 4. Nc3 Nc6 5. Bf4 Bd6 6. cxd5 exd5 7. Bg3 Nge7 8.
e3 h6 9. a3 O-O 10. b4 Bxg3 11. hxg3 Nc8 12. Be2 Nb6 13. O-O Qd6 14. Nd2 a5 15.
b5 Nb8 16. e4 dxe4 17. Ndxe4 Qe7 18. Nc5 N8d7 19. Nxb7 Ra7 20. Re1 Qf6 21. Bf3
Rb8 22. Nc5 Nxc5 23. dxc5 Qxc3 24. cxb6 cxb6 25. Qd6 Rc7 26. Bc6 Rbc8 27. Rac1
Qb2 28. Rcd1 Be6 29. Re3 Qf6 30. Red3 Qg5 31. R1d2 1/2-1/2

[Event "1st League CS 2011"]
[Site "Kraljevo"]
[Date "2011.09.19"]
[Round "4.4"]
[White "Stankovic, Milos"]
[Black "Zivkovic, Branimir"]
[Result "1-0"]
[WhiteElo "2375"]
[BlackElo "2204"]
[PlyCount "65"]
[EventDate "2011.09.17"]

1. e4 c5 2. Nf3 e6 3. d4 cxd4 4. Nxd4 Nf6 5. Nc3 Bb4 6. e5 Nd5 7. Qg4 Kf8 8.
Bd2 h5 9. Qe4 Bxc3 10. bxc3 Nc7 11. c4 d5 12. exd6 Qxd6 13. Nb5 Qe7 14. Bf4
Nxb5 15. cxb5 Nd7 16. Be2 f5 17. Qd3 Kf7 18. O-O a6 19. bxa6 Rxa6 20. Qd1 Ra4
21. c4 Ra6 22. c5 Ra8 23. Bd6 Qh4 24. Bf3 g6 25. Qb3 Qa4 26. Qc3 Re8 27. c6
bxc6 28. Bxc6 Qa5 29. Bb4 Qa6 30. Bxa8 Qxa8 31. Rfd1 Nf6 32. Qc7+ Kg8 33. Bc3
1-0

[Event "1st League CS 2011"]
[Site "Kraljevo"]
[Date "2011.09.19"]
[Round "4.5"]
[White "Ristic, Nenad"]
[Black "Milosevic, Aleksandar"]
[Result "1-0"]
[WhiteElo "2420"]
[BlackElo "2275"]
[PlyCount "67"]
[EventDate "2011.09.17"]

1. e4 c5 2. c3 d5 3. exd5 Qxd5 4. d4 Nf6 5. Nf3 e6 6. Bd3 cxd4 7. cxd4 Be7 8.
Nc3 Qd8 9. O-O Bd7 10. Ne5 Bc6 11. Be3 Nbd7 12. Nxc6 bxc6 13. Qf3 Nd5 14. Qh3
Rb8 15. Rab1 N7f6 16. Bg5 Nb4 17. Be2 O-O 18. a3 Nbd5 19. Bd3 g6 20. Bh6 Re8
21. Rfc1 Nxc3 22. bxc3 Rxb1 23. Rxb1 Bxa3 24. Rb7 Qa8 25. Rb3 Bf8 26. Bg5 Nd5
27. c4 Nb6 28. Qf3 c5 29. Be4 Qc8 30. Bc6 Qa6 31. Ra3 Qc8 32. Rxa7 f5 33. Bxe8
Qxe8 34. Qb7 1-0

[Event "1st League CS 2011"]
[Site "Kraljevo"]
[Date "2011.09.19"]
[Round "4.5"]
[White "Todorovic, Goran N"]
[Black "Brankovic, Dejan"]
[Result "1/2-1/2"]
[WhiteElo "2396"]
[BlackElo "2341"]
[PlyCount "25"]
[EventDate "2011.09.17"]

1. d4 Nf6 2. c4 g6 3. Nc3 Bg7 4. e4 d6 5. h3 O-O 6. Be3 Na6 7. g4 e5 8. d5 c6
9. Nge2 cxd5 10. cxd5 Qa5 11. Ng3 Nc5 12. f3 Bd7 13. Rb1 1/2-1/2

[Event "1st League CS 2011"]
[Site "Kraljevo"]
[Date "2011.09.19"]
[Round "4.5"]
[White "Mladenovic, Stefan"]
[Black "Djokic, Nenad"]
[Result "1/2-1/2"]
[WhiteElo "2137"]
[BlackElo "2362"]
[PlyCount "149"]
[EventDate "2011.09.17"]

1. d4 Nf6 2. c4 e6 3. Nf3 b6 4. e3 Bb7 5. Bd3 Bb4+ 6. Bd2 Be7 7. Nc3 c5 8. O-O
O-O 9. Qe2 d6 10. Rad1 Nbd7 11. Bb1 Re8 12. b3 a6 13. Bc1 Qc7 14. Bb2 Bf8 15.
Rfe1 cxd4 16. Rxd4 Rad8 17. Ng5 h6 18. Nge4 Nxe4 19. Nxe4 Nc5 20. Nf6+ Kh8 21.
Nxe8 Rxe8 22. Rh4 e5 23. f4 Kg8 24. fxe5 dxe5 25. Qg4 Qc6 26. Qg3 g6 27. b4 Nd7
28. Be4 Qc8 29. Bxb7 Qxb7 30. a3 Bg7 31. Qf3 e4 32. Qe2 Ne5 33. Bxe5 Rxe5 34.
Rf4 h5 35. Rd1 Re7 36. Rd8+ Kh7 37. Rf1 Qc7 38. Rfd1 Bh6 39. R1d5 Qc6 40. c5
bxc5 41. bxc5 Qa4 42. Qb2 Bg7 43. Qc1 Rc7 44. g3 Bf6 45. Rb8 Bg7 46. Rb4 Qc6
47. Qd2 Re7 48. Rc4 h4 49. gxh4 Bh6 50. Rd6 Qc8 51. Rc3 Qg4+ 52. Qg2 Qxh4 53.
Qg3 Qh5 54. c6 Qa5 55. Rc2 Qa4 56. Rdd2 Re8 57. c7 Rc8 58. Qh3 Qe8 59. Qh4 Qe6
60. Rd8 Kg7 61. Rxc8 Bxe3+ 62. Kh1 Qxc8 63. Qxe4 Qh3 64. Qe5+ Kh7 65. Qxe3 Qxe3
66. c8=Q Qf3+ 67. Kg1 Qe3+ 68. Kf1 Qf3+ 69. Ke1 Qe3+ 70. Kd1 Qg1+ 71. Kd2 Qd4+
72. Kc1 Qa1+ 73. Kd2 Qd4+ 74. Kc1 Qa1+ 75. Kd2 1/2-1/2

[Event "1st League CS 2011"]
[Site "Kraljevo"]
[Date "2011.09.19"]
[Round "4.6"]
[White "Ivanovic, Dragutin"]
[Black "Dmitrovic, Tomislav"]
[Result "1-0"]
[WhiteElo "2352"]
[BlackElo "2295"]
[PlyCount "77"]
[EventDate "2011.09.17"]

1. d4 f5 2. h3 d5 3. c4 c6 4. Nc3 Nf6 5. Nf3 e6 6. g4 Bb4 7. Qb3 Ba5 8. gxf5
exf5 9. Bg5 dxc4 10. Qxc4 Qd5 11. Qxd5 Nxd5 12. Bd2 Nf6 13. Rg1 g6 14. e3 Be6
15. Ng5 Bg8 16. Bd3 Nbd7 17. Rb1 O-O-O 18. b4 Bc7 19. Ke2 Re8 20. Rgc1 Kb8 21.
Rc2 Nd5 22. Nxd5 Bxd5 23. b5 c5 24. dxc5 Ne5 25. Bc3 Nxd3 26. Bxh8 Rxh8 27.
Kxd3 Rd8 28. Ke2 h6 29. Nf3 Be4 30. Ne1 Ba5 31. Rbc1 Bxe1 32. Kxe1 Bf3 33. Rd2
Rh8 34. Rd7 Kc8 35. c6 bxc6 36. bxc6 Rd8 37. Rxd8+ Kxd8 38. c7+ Kc8 39. h4 1-0

[Event "1st League CS 2011"]
[Site "Kraljevo"]
[Date "2011.09.19"]
[Round "4.6"]
[White "Markovic, Marko"]
[Black "Sandic, Vladeta"]
[Result "1/2-1/2"]
[WhiteElo "2285"]
[BlackElo "2334"]
[PlyCount "57"]
[EventDate "2011.09.17"]

1. e4 d5 2. exd5 Nf6 3. Bb5+ Bd7 4. Be2 Nxd5 5. d4 Bf5 6. a3 e6 7. Nf3 Bd6 8.
O-O O-O 9. c4 Nf4 10. Nc3 Nc6 11. c5 Nxe2+ 12. Qxe2 Be7 13. Rd1 Re8 14. Bf4 Bf6
15. Qc4 Ne7 16. Ne5 c6 17. Qb3 Bxe5 18. Bxe5 Qd7 19. Rd2 Nd5 20. Rad1 Bg6 21.
Ne2 f6 22. Bg3 Bf7 23. Qf3 Bg6 24. Bd6 Qf7 25. Nf4 Rad8 26. Re1 Nxf4 27. Qxf4
e5 28. dxe5 fxe5 29. Qxf7+ 1/2-1/2

[Event "1st League CS 2011"]
[Site "Kraljevo"]
[Date "2011.09.19"]
[Round "4.6"]
[White "Zafirovski, Mite"]
[Black "Sorgic, Dragan"]
[Result "1/2-1/2"]
[WhiteElo "2239"]
[BlackElo "2242"]
[PlyCount "110"]
[EventDate "2011.09.17"]

1. d4 Nf6 2. c4 g6 3. g3 Bg7 4. Bg2 d6 5. Nc3 O-O 6. Nf3 c6 7. O-O Be6 8. d5
cxd5 9. cxd5 Bd7 10. Be3 a5 11. Bd4 a4 12. e4 Qa5 13. Re1 a3 14. bxa3 Rc8 15.
Qd2 Ng4 16. Bxg7 Kxg7 17. Rec1 Na6 18. Rab1 Nc5 19. h3 Ne5 20. Nxe5 dxe5 21.
Qe3 Qxa3 22. Rc2 Na4 23. Rxb7 Nxc3 24. Rb3 Nxd5 25. exd5 Qd6 26. Rcb2 Rab8 27.
Kh2 Rxb3 28. axb3 f5 29. b4 Rb8 30. Qc3 Kf7 31. Bf1 Bb5 32. Bg2 e4 33. Qd4 Bd3
34. h4 Qf6 35. Qxf6+ Kxf6 36. f4 Rb5 37. Kg1 Rxd5 38. Bf1 Bb5 39. Kf2 e3+ 40.
Ke1 Rd2 41. Rb1 e2 42. Bg2 Rc2 43. Bf3 e5 44. fxe5+ Kxe5 45. Kf2 e1=Q+ 46. Kxe1
Kd4 47. Ra1 Ke3 48. Ra3+ Bd3 49. Rb3 Kd4 50. b5 Rc1+ 51. Kd2 Rc2+ 52. Ke1 Rc1+
53. Kd2 Rc2+ 54. Ke1 Rc1+ 55. Kd2 Rc2+ 1/2-1/2

[Event "1st League CS 2011"]
[Site "Kraljevo"]
[Date "2011.09.19"]
[Round "4.6"]
[White "Vuckovic, Branko"]
[Black "Maksimovic, Boban"]
[Result "1-0"]
[WhiteElo "2271"]
[BlackElo "2228"]
[PlyCount "105"]
[EventDate "2011.09.17"]

1. e4 e6 2. d4 d5 3. e5 c5 4. c3 Nc6 5. Nf3 Qb6 6. Bd3 Bd7 7. O-O cxd4 8. cxd4
Nb4 9. Be2 Ne7 10. Nc3 Nf5 11. g4 Ne7 12. a3 Nbc6 13. Na4 Qc7 14. Nc5 Ng6 15.
Nxd7 Qxd7 16. Be3 Be7 17. Rc1 O-O 18. Bd3 Rac8 19. b4 a6 20. g5 f6 21. Bxg6
hxg6 22. Nh4 Kf7 23. gxf6 gxf6 24. Qg4 Rg8 25. exf6 Bxf6 26. Nf3 Ne7 27. Bg5
Bh8 28. Bxe7 Kxe7 29. Rce1 Rc4 30. Re3 e5 31. Qg5+ Kf8 32. Nxe5 Bxe5 33. Qxe5
Rg7 34. Rfe1 Rc8 35. Rg3 Qf7 36. Ree3 Kg8 37. Ref3 Qd7 38. Rg5 Rd8 39. Rf6 Kh7
40. Qg3 Qe8 41. Re5 Qa4 42. Qh3+ Kg8 43. Qd3 Kh8 44. Rxg6 Rxg6+ 45. Qxg6 Qd1+
46. Kg2 Rg8 47. Re8 Rxe8 48. Qxe8+ Kg7 49. Qe5+ Kf8 50. Qb8+ Ke7 51. Qxb7+ Kf8
52. Qc8+ Kg7 53. h3 1-0